000 00926nam a22003137a 4500
005 20230512223116.0
008 190523t xxu||||| |||| 00| 0 eng d
020 _a9781680955491
040 _cCSPC
082 0 _a158.3
_bM720
110 0 _a3G E-Learning,
245 0 0 _aModern counselling psychology
260 _aUSA:
_b3G E-Learning LLC,
_c2017.
300 _axii, 230 pages:
_bcolored images;
_c23 cm. +
_e1 computer disc
336 _2rdacontent
_atext
337 _2rdamedia
_aunmediated
337 _2rdamedia
_acomputer
338 _2rdacarrier
_avolume
338 _2rdacarrier
_acomputer disc
500 _aIncludes index.
504 _aIncludes bibliographical references.
650 1 0 _aCounselling.
650 1 0 _aPsychology.
650 1 0 _aCounselling Psychology.
940 _aLenie
942 _cBOOK
_jCIR 158.3 M720 2017
999 _c8818
_d8818